000 00456nmm a2200157Ia 4500
008 251105s9999||||xx |||||||||||||||||und||
041 _aspa
100 _aDoyle, Arthur Conan
245 0 _aLa aventura del intérprete de griego
264 _a[Madrid, España] :
_bSaga Egmont,
_c2020
300 _a360 páginas
490 _aSherlock Holmes
650 _aThriller & Suspense
856 _uhttps://public.digitaliapublishing.com/a/99210
942 _cCF
999 _c100643
_d100643